Preservative treatment of rubberwood(Hevea brasiliensis) by pressure impregnation- Chemical and biological evaluations (Record no. 48008)

MARC details
000 -LEADER
fixed length control field 01509nam a2200193Ia 4500
100 ## - MAIN ENTRY--AUTHOR NAME
Personal name Stevens M
245 #0 - TITLE STATEMENT
Title Preservative treatment of rubberwood(Hevea brasiliensis) by pressure impregnation- Chemical and biological evaluations
260 ## - PUBLICATION, DISTRIBUTION, ETC. (IMPRINT)
Name of publisher Material and Organismen
Year of publication 1980
300 ## - PHYSICAL DESCRIPTION
Number of Pages 305-314
520 ## - SUMMARY, ETC.
Summary, etc Green and air-dried rubber wood blocks were treated with a fluoride-and chromium-containing preservative by pressure impregnation. For comparison of treatability and improvement in durability, air-dried poplar and beech wood were included in the experiment. The liquid absorption was highest in rubber wood and lowest in beech, so was the degree of penetration. In treated rubber wood and poplar, the fluoride or chromium content dropped sharply within a few millimeters from the surface and thereafter decreased only slightly whilst in beech, it continued to drop since only its outer zone was impregnated by the preservative. Only a few of the decay test pieces were significantly attacked by one or both the rotting fungi, Coniophora puteana and Polystictus versicolor, and most of them were from the untreated inner zone of beech. The effctive level of the product used against these two decaying organisms was around 4 kg/m3, i.e. 1 kg/m3 fluoride.
650 ## - SUBJECT ADDED ENTRY--TOPICAL TERM
Topical Term Pressure impregnation
650 ## - SUBJECT ADDED ENTRY--TOPICAL TERM
Topical Term Rubberwood
650 ## - SUBJECT ADDED ENTRY--TOPICAL TERM
Topical Term Rubberwood preservation
700 ## - ADDED ENTRY--PERSONAL NAME
Personal name Ali Sujan
700 ## - ADDED ENTRY--PERSONAL NAME
Personal name Schalck J
700 ## - ADDED ENTRY--PERSONAL NAME
Personal name Tan A G
942 ## - ADDED ENTRY ELEMENTS (KOHA)
Koha item type Bibliography RLWO
Holdings
Withdrawn status Lost status Damaged status Not for loan Home library Current library Date acquired Serial Enumeration / chronology Koha item type
      Bibliography RRII Library RRII Library 31/12/2021 Volume 15, Issue Bibliography RLWO